La discographie de Gorillaz - Statistiques

Statistiques générales
  • Ce quiz a été pris 109 fois
  • Le résultat moyen est 27 sur 126
Statistiques - réponses
Album Chanson Collaboration % Correct
Demon Days Feel Good Inc. De La Soul
87%
Gorillaz Clint Eastwood
84%
Gorillaz Clint Eastwood (Ed Case / Sweetie Irie Refix)
84%
Plastic Beach Plastic Beach Mick Jones & Paul Simonon
67%
Plastic Beach Rhinestone Eyes
67%
Demon Days DARE Shaun Ryder
65%
Gorillaz 19-2000
59%
Demon Days Demon Days
56%
Demon Days Kids with Guns
56%
Plastic Beach On Melancholy Hill
56%
Demon Days Dirty Harry Bootie Brown
52%
Cracker Island Cracker Island Thundercat
51%
Plastic Beach Stylo Mos Def & Bobby Womack
51%
Plastic Beach Empire Ants Little Dragon
49%
Demon Days Intro
43%
Humanz Intro: I Switched My Robot Off
43%
Demon Days El Mañana
41%
Demon Days O Green World
40%
Song Machine, Season One : Strange Timez Désolé [Extended Version] Fatoumata Diawara
38%
Humanz She's My Collar Kali Uchis
37%
Plastic Beach Superfast Jellyfish Gruff Rhys & De La Soul
37%
Gorillaz 5/4
35%
The Now Now Humility George Benson
35%
The Now Now Tranz
35%
Humanz Andromeda DRAM
33%
Cracker Island New Gold Tame Impala & Bootie Brown
33%
Demon Days November Has Come
33%
Plastic Beach Broken
32%
Plastic Beach Some Kind of Nature Lou Reed & The Purple, The People, The Plastic Eating People
32%
Demon Days Last Living Soul
30%
Gorillaz Rock the House
30%
Humanz Saturnz Barz Popcaan
30%
Gorillaz Tomorrow Comes Today
30%
Plastic Beach Welcome to the World of the Plastic Beach Snoop Dogg & Hypnotic Brass Ensemble
30%
Song Machine, Season One : Strange Timez Pac-Man ScHoolboy Q
29%
Gorillaz Re-Hash
27%
Demon Days Don't Get Lost in Heaven
25%
Plastic Beach Pirate Jet The Purple, The People, The Plastic Eating People
24%
Gorillaz Punk
24%
Plastic Beach To Binge Little Dragon
24%
Demon Days White Light
24%
The Now Now Hollywood Snoop Dogg & Jamie Principle
22%
The Now Now Kansas
22%
Plastic Beach Sweepstakes Mos Def & Hypnotic Brass Ensemble
22%
Plastic Beach White Flag Bashy, Kano & The Syrian National Orchestra for Arabic Music
22%
Demon Days All Alone Martina Topley-Bird & Roots Manuva
21%
Plastic Beach Glitter Freeze Mark E. Smith
21%
The Now Now Souk Eye
21%
Plastic Beach Cloud of Unknowing Bobby Womack & sinfonia ViVA
19%
Demon Days Fire Coming out of the Monkey's Head
19%
Humanz Momentz De La Soul
19%
Plastic Beach Orchestral Intro sinfonia ViVA
19%
Song Machine, Season One : Strange Timez Strange Timez Robert Smith
19%
Humanz Strobelite Peven Everett
19%
Song Machine, Season One : Strange Timez Aries Peter Hook & Georgia
17%
Gorillaz Latin Simone (Que Pasa Contigo)
17%
The Now Now Magic City
17%
Cracker Island Silent Running Adeleye Omotayo
17%
Demon Days Every Planet We Reach Is Dead
16%
Song Machine, Season One : Strange Timez Momentary Bliss slowthai & Slaves
16%
Song Machine, Season One : Strange Timez The Pink Phantom Elton John & 6LACK
16%
Humanz We Got the Power Jehnny Beth
16%
Humanz Ascension Vince Staples
14%
The Now Now Idaho
14%
Gorillaz New Genius (Brother)
14%
Gorillaz Starshine
14%
Gorillaz Double Bass
13%
The Now Now Fire Flies
13%
Humanz Interlude: Elevator Going Up
13%
Humanz (Deluxe) Interlude: New World
13%
Humanz Interlude: Penthouse
13%
Humanz Interlude: Talk Radio
13%
Humanz Interlude: The Elephant
13%
Humanz Interlude: The Non-Conformist Oath
13%
The Now Now Lake Zurich
13%
Gorillaz M1 A1
13%
The Fall Revolving Doors
13%
Gorillaz Sound Check (Gravity)
13%
Cracker Island Tormenta Bad Bunny
13%
Cracker Island Baby Queen
11%
The Fall Detroit
11%
Gorillaz Man Research (Clapper)
11%
Cracker Island Oil Stevie Nicks
11%
Gorillaz Slow Country
11%
Humanz Submission Danny Brown & Kelela
11%
Song Machine, Season One : Strange Timez The Lost Chord Leee John
11%
Song Machine, Season One : Strange Timez The Valley of The Pagans Beck
11%
Humanz Busted and Blue
10%
Song Machine, Season One : Strange Timez Friday 13th Octavian
10%
Cracker Island Possession Island Beck
10%
Humanz Sex Murder Party Jamie Principle & Zebra Katz
10%
Cracker Island Skinny Ape
10%
The Now Now Sorcererz
10%
The Fall Amarillo
8%
The Now Now One Percent
8%
The Fall Phoner to Arizona
8%
Cracker Island The Tired Influencer
8%
The Fall Bobby in Phoenix Bobby Womack
6%
Humanz Carnival Anthony Hamilton
6%
Humanz Charger Grace Jones
6%
Song Machine, Season One : Strange Timez Dead Butterflies Kano & Roxani Arias
6%
The Fall HillBilly Man
6%
The Fall Shy-Town
6%
Cracker Island Tarantula
6%
Humanz (Deluxe) The Apprentice Rag'n'Bone man, Zebra Katz & Ray BLK
6%
The Fall The Joplin Spider
6%
Song Machine, Season One : Strange Timez Chalk Tablet Towers St Vincent
5%
Humanz Hallelujah Money Benjamin Clementine
5%
Humanz Let me Out Mavis Staples & Pusha T
5%
Song Machine, Season One : Strange Timez (Deluxe Edition) MLS JPEGMafia & CHAI
5%
The Fall Seattle Yodel
5%
The Fall The Parish of Space Dust
5%
The Fall The Speak It Mountains
5%
The Fall Aspen Forest
3%
The Fall California and the Slipping of the Sun
3%
Song Machine, Season One : Strange Timez (Deluxe Edition) How Far? Tony Allen & Skepta
3%
The Fall Little Pink Plastic Bags
3%
Song Machine, Season One : Strange Timez (Deluxe Edition) Opium EARTHGANG
3%
Humanz (Deluxe) Out of Body Kilo Kish, Zebra Katz & Imani Vonshà
3%
Humanz (Deluxe) Ticker Tape Carly Simon & kali Uchis
3%
Humanz (Deluxe) Circle of Friendz Brandon Markell Holmes
2%
Song Machine, Season One : Strange Timez (Deluxe Edition) Severed Head GoldLink & Unknown Mortal Orchestra
2%
Song Machine, Season One : Strange Timez (Deluxe Edition) With Love To An Ex Moonchild Sanelly
2%
Humanz (Deluxe) Halfway to the Halfway House Peven Everett
0%
Song Machine, Season One : Strange Timez (Deluxe Edition) Simplicity Joan As Police Woman
0%
The Fall The Snakes in Dallas
0%
Aucun quiz correspondant
Distribution des résultats
% des personnes avec chaque résultat
Percentile par nombre de réponses
Votre historique - résultats
Vous n’avez pas pris ce quiz